000 00950nam a22002417a 4500
005 20130719141005.0
008 110803s2010 ck a gr 001 0 spa d
020 _a9789588620015
041 _aspa
082 0 4 _a581.7
_bG182f
100 1 _aGalván Carvajal, Sandra Yaneth
_9656
245 1 0 _aFlora amenazada, útil e invasora
_cSandra Yaneth Galván Carvajal, y Alicia Rojas
246 1 4 _aFlora amenazada, útil e invasora del área de jurisdicción de la CDMB
260 _aBucaramanga :
_bCorporación Autónoma Regional para la Defensa de la Meseta de Bucaramanga.
_c2010.
300 _a188 p.
_bil.
_c22 cm.
500 _aIncluye índice de nombres científicos y de nombres comúnes.
504 _aIncluye referencias bibliográficas e índice.
650 1 7 _aPlantas
_xClasificación
_9657
650 1 7 _aPlantas invasivas
_zColombia
_9658
650 1 7 _aBiodiversidad
_zColombia
_9659
700 1 _aRojas, Alicia
_9660
942 _2ddc
_cIMPRESO
999 _c7397
_d7397